Gaming Quiz

Random Gaming or Nintendo Quiz

Pokémon by Cry II Quiz Stats

 Plays Quiz not verified by Sporcle

Score 0/22 Timer 07:00
0 Plays Today
Time Range Pokémon % Correct
1:47-1:55Gastly
82.4%
0:11-0:19Geodude
80%
0:29-0:37Bidoof
79.1%
1:57-2:04Chatot
76.2%
0:21-0:27Slowpoke
75.6%
0:02-0:08Charmander
73.4%
3:34-3:43Mewtwo
72.8%
1:00-1:10Kricketune
72.8%
1:34-1:44Lugia
72.3%
0:39-0:49Dialga
72.1%
1:24-1:32Miltank
69%
Time Range Pokémon % Correct
2:16-2:22Chimecho
67.7%
0:51-0:58Unown
67.2%
2:54-3:03Hypno
66.9%
2:34-2:41Bronzor
63.8%
2:44-2:52Staryu
60.4%
2:06-2:14Pidgeotto
59%
3:15-3:22Donphan
48.8%
3:05-3:12Nosepass
43.4%
3:24-3:31Baltoy
42.5%
1:12-1:22Chandelure
40.7%
2:25-2:32Woobat
33.3%

You're not logged in!

Compare scores with friends on all Sporcle quizzes.
OR
Log In

Show Comments

Extras

Top Quizzes Today


Score Distribution

Your Account Isn't Verified!

In order to create a playlist on Sporcle, you need to verify the email address you used during registration. Go to your Sporcle Settings to finish the process.

Report this User

Report this user for behavior that violates our Community Guidelines.

Details: